• 首页
  • 本馆介绍
  • 公告通知
  • 最新文献
  • 馆藏检索
  • 电子资源
  • 读者导购
  • 参考咨询
  • 我的图书馆
  • 登录
  • 详细信息显示
  • 放入我的书架
  • 预约/预借图书
  • 作者相关作品
  • 分类相关作品
  • 丛书相关作品
  • 出版社相关作品

书目信息

  • 表格格式
  • 工作单格式
  • 卡片格式
题名:
二十一世纪科学与中国
    
 
作者: 董光璧 著
分册:  
出版信息: 武汉   湖北教育出版社  2004
页数: 249页
开本: 20cm
丛书名: 科学·历史·文化研究书系
单 册:
中图分类: G321
科图分类:
主题词: 科学研究事业--中国--文集
电子资源:
ISBN: 7-5351-3906-X
000 00885oam2 2200265 450
001 070027642020
005 20051009143822.54
010    @a7-5351-3906-X@dCNY16.00
092    @aCN
100    @a20050127d2004 ekmy0chiy0120 ea
101 0  @achi
102    @aCN@b420000
105    @ay z 000yy
200 1  @a二十一世纪科学与中国@9er shi yi shi ji ke xue yu zhong guo@f董光璧著@Fdong guang bi zhu
210    @a武汉@c湖北教育出版社@d2004
215    @a249页@d20cm
225 2  @a科学·历史·文化研究书系
330    @a本书收集了作者在1996~2002年间发表的14篇论文。包括“科学系统发展的整体趋势”、“二十世纪科学技术之回顾”、“中国科学现代化的历史和前瞻”等。
461  0 @12001 @a科学·历史·文化研究书系
606 0  @a科学研究事业@y中国@x文集
690    @aG321@v4
701  0 @a董光璧@Adong guang bi@4著
801  0 @aCN@bTSSF@c20051009
905    @a10447@dG321@e18
999    @aAFJ
    
    二十一世纪科学与中国/董光璧著.-武汉:湖北教育出版社,2004
    249页;20cm.-(科学·历史·文化研究书系)
    
    
    ISBN 7-5351-3906-X:CNY16.00
    本书收集了作者在1996~2002年间发表的14篇论文。包括“科学系统发展的整体趋势”、“二十世纪科学技术之回顾”、“中国科学现代化的历史和前瞻”等。
●
相关链接 在E读中查询图书 在五车中查询图书 在当当中查询图书 在豆瓣中查询图书


正题名:二十一世纪科学与中国     索取号:G321/18         预约/预借

序号 登录号 条形码 馆藏地/架位号 状态 备注
1 0364915   3649154   第一样本阅览室/ [索取号:G321/18] 在馆    
2 0364916   3649163   第四借阅区/ [索取号:G321/18] 在馆    
3 0364917   3649172   密集书库/ [索取号:G321/18] 在馆    
4 0364918   3649181   密集书库/ [索取号:G321/18] 在馆    
5 0364919   3649190   第四借阅区/ [索取号:G321/18] 在馆    
唐山师范学院图书馆 欢迎您!
大连网信软件有限公司© 版权所有